000 00356nam a2200133Ia 4500
008 100328s9999 xx 000 0 und d
082 _b35759
100 _aहिर्लेकर गणेश
245 _aहत्यारा
260 _bत्रिदल
630 _aहत्यारा
730 _aहत्यारा
942 _cBOOK
999 _c525586
_d525583